000 01232cam a22002897a 4500
001 14163339
005 20250120135934.0
008 051101s2007 ohua 001 0 eng d
020 _a0324312490
020 _a9780324312492
050 0 0 _aHF5679
_b.K4783 2007
082 0 4 _a657/.0285/5369
_222
100 1 _aKlooster, Dale H.
245 1 0 _aIntegrated accounting for Windows /
_cDale H. Klooster, Warren W. Allen.
250 _a5th ed.
260 _aMason, Ohio :
_bThomson/South-Western,
_cc2007.
300 _axiv, 577 p. :
_bill. ;
_c28 cm. +
_e1 CD-ROM (4 3/4 in.)
500 _aRev. ed. of: Klooster & Allen's integrated accounting for Windows, 4th ed., c2004.
500 _aIncludes index.
650 0 _aAccounting
_xData processing
_vSoftware.
700 1 _aAllen, Warren W.
700 1 _aKlooster, Dale H.
_tKlooster & Allen's integrated accounting for Windows.
856 4 2 _3Publisher description
_uhttp://www.loc.gov/catdir/enhancements/fy1215/2005936606-d.html
856 4 1 _3Table of contents only
_uhttp://www.loc.gov/catdir/enhancements/fy1215/2005936606-t.html
856 4 2 _3Contributor biographical information
_uhttp://www.loc.gov/catdir/enhancements/fy1302/2005936606-b.html
942 _2lcc
_cBK
_e5th Ed..
_n0
999 _c2728
_d2728